[Event "AUT-ch Seniors 65"]
[Site "Vienna"]
[Date "2023.05.21"]
[Round "7"]
[White "Hirsch, Adolf Jr"]
[Black "Somasundram, Jayakumar"]
[Result "0-1"]
[WhiteElo "1751"]
[BlackElo "1851"]
[PlyCount "70"]
[EventDate "2023.05.15"]
[EventType "swiss"]
[EventRounds "7"]
[EventCountry "AUT"]
[SourceTitle "CBM 214 Extra"]
[Source "ChessBase"]
[SourceDate "2023.07.31"]
[SourceVersion "1"]
[SourceVersionDate "2023.07.31"]
[SourceQuality "1"]

1. Nf3 c5 2. g3 Nc6 3. Bg2 e5 4. c4 e4 5. Nh4 Nf6 6. Nc3 Ne5 7. b3 g5 8. f4 gxf4 9. gxf4 Nd5 10. Nf5 Nxf4 11. Bxe4 d5 12. Nxd5 Nxd5 13. cxd5 Bxf5 14. Bxf5 Qh4+ 15. Kf1 Qf4+ 16. Ke1 Qxf5 17. d3 Be7 18. e4 Bh4+ 19. Kd2 Qf2+ 20. Qe2 Qd4 21. Rb1 Bg5+ 22. Kc2 Bxc1 23. Rbxc1 Rg8 24. Kb1 0-0-0 25. Rhd1 Kb8 26. Qh5 Nxd3 27. Rc2 Rg1 28. Rcd2 Rxd1+ 29. Qxd1 Qxe4 30. Rxd3 Rxd5 31. Kc2 b5 32. Kc3 Rxd3+ 33. Qxd3 Qxd3+ 34. Kxd3 Kc7 35. Ke4 Kd6 0-1

[Event "AUT-ch Seniors 65"]
[Site "Vienna"]
[Date "2023.05.17"]
[Round "3"]
[White "Hirsch, Adolf Jr"]
[Black "Danner, Lambert"]
[Result "1/2-1/2"]
[WhiteElo "1751"]
[BlackElo "1985"]
[PlyCount "117"]
[EventDate "2023.05.15"]
[EventType "swiss"]
[EventRounds "7"]
[EventCountry "AUT"]
[SourceTitle "CBM 214 Extra"]
[Source "ChessBase"]
[SourceDate "2023.07.31"]
[SourceVersion "1"]
[SourceVersionDate "2023.07.31"]
[SourceQuality "1"]

1. Nf3 d5 2. g3 c5 3. Bg2 Nc6 4. d4 cxd4 5. Nxd4 Nf6 6. 0-0 e5 7. Nxc6 bxc6 8. c4 Rb8 9. Nc3 Be6 10. Qa4 Qd7 11. Rd1 Rb4 12. Qa6 Rxc4 13. Qxc4 dxc4 14. Rxd7 Bxd7 15. Bg5 Bb4 16. Bxf6 gxf6 17. Ne4 Ke7 18. a3 Ba5 19. Nc5 Rb8 20. Rb1 Rb5 21. Nxd7 Kxd7 22. e3 Kc7 23. Bf1 Rc5 24. Rc1 Bd2 25. Rc2 c3 26. b4 Rd5 27. h4 f5 28. Bc4 Rd7 29. Kf1 h6 30. Ke2 Kd6 31. a4 Rb7 32. b5 f6 33. Ra2 Rg7 34. Ra1 Kc5 35. Be6 cxb5 36. axb5 Kxb5 37. Bxf5 a5 38. Kd3 Ra7 39. Kc2 a4 40. Rb1+ Kc5 41. Ra1 a3 42. Be4 Ra4 43. Bf5 Ra6 44. Be4 Kd6 45. g4 Ra4 46. Bf5 a2 47. Kb3 Ra6 48. Rxa2 Rxa2 49. Kxa2 Be1 50. h5 Bxf2 51. Kb3 Be1 52. Kc4 Bd2 53. Kd3 Kc5 54. Be4 Kb4 55. Bd5 Kc5 56. e4 Kb4 57. Kc2 Be1 58. Be6 Kc5 59. Kd3 1/2-1/2

[Event "AUT-ch Seniors 65"]
[Site "Vienna"]
[Date "2023.05.15"]
[Round "1"]
[White "Hirsch, Adolf Jr"]
[Black "Pernerstorfer, Johannes"]
[Result "0-1"]
[WhiteElo "1751"]
[BlackElo "1992"]
[PlyCount "76"]
[EventDate "2023.05.15"]
[EventType "swiss"]
[EventRounds "7"]
[EventCountry "AUT"]
[SourceTitle "CBM 214 Extra"]
[Source "ChessBase"]
[SourceDate "2023.07.31"]
[SourceVersion "1"]
[SourceVersionDate "2023.07.31"]
[SourceQuality "1"]

1. Nf3 c5 2. g3 g6 3. Bg2 Bg7 4. d4 cxd4 5. Nxd4 Nc6 6. Nxc6 bxc6 7. 0-0 Qb6 8. c4 Bxb2 9. Bxb2 Qxb2 10. Nd2 Nf6 11. Qa4 Qb6 12. Rab1 Qa6 13. Qc2 0-0 14. Nb3 d6 15. Nd4 Bd7 16. Rb2 e5 17. Nb5 cxb5 18. Bxa8 Rxa8 19. cxb5 Bxb5 20. Rfb1 Rc8 21. Qd1 Bd7 22. f3 Kg7 23. Rd2 d5 24. Qb3 d4 25. Qb7 Qa5 26. Qb4 Rc1+ 27. Kf2 Qxb4 28. Rxb4 h5 29. Rb7 Bh3 30. e4 a6 31. Rdb2 Nd7 32. R7b3 Nc5 33. Ra3 f5 34. exf5 gxf5 35. Ke2 Rh1 36. Rb6 e4 37. Ra5 Bf1+ 38. Kf2 Nd3# 0-1

[Event "Vienna Advent op"]
[Site "Vienna"]
[Date "2022.12.05"]
[Round "1"]
[White "Eulering, Georg"]
[Black "Hirsch, Adolf Jr"]
[Result "1-0"]
[WhiteElo "2068"]
[BlackElo "1768"]
[PlyCount "77"]
[EventDate "2022.12.05"]
[EventType "tourn"]
[EventRounds "7"]
[EventCountry "AUT"]
[SourceTitle "CBM 211 Extra"]
[Source "ChessBase"]
[SourceDate "2023.01.31"]
[SourceVersion "1"]
[SourceVersionDate "2023.01.31"]
[SourceQuality "1"]

1. e4 e6 2. d4 d5 3. e5 c5 4. c3 Nc6 5. Nf3 Bd7 6. Bd3 cxd4 7. cxd4 Bb4+ 8. Nc3 Nge7 9. 0-0 Ng6 10. Be3 Bxc3 11. bxc3 Na5 12. Qe2 Rc8 13. Rfc1 Nc4 14. Rab1 b5 15. Nd2 Nxd2 16. Bxd2 a6 17. Rc2 0-0 18. g3 f5 19. exf6 Qxf6 20. f4 Ne7 21. Bc1 Nf5 22. Ba3 Rfe8 23. Bc5 Rxc5 24. dxc5 e5 25. fxe5 Rxe5 26. Qf2 Qg5 27. Rf1 h6 28. c6 Bc8 29. Re2 Rxe2 30. Qxe2 Nd6 31. Qf3 Qe7 32. Qxd5+ Be6 33. Qe5 Nf7 34. Qe3 Qd6 35. Re1 Ng5 36. h4 Nh3+ 37. Kh2 Bg4 38. Qe8+ Qf8 39. Bh7+ 1-0

[Event "Vienna State-chB"]
[Site "Vienna"]
[Date "2022.09.20"]
[Round "4"]
[White "Ginther, Tobias"]
[Black "Hirsch, Adolf Jr"]
[Result "0-1"]
[WhiteElo "1766"]
[BlackElo "1731"]
[PlyCount "44"]
[EventDate "2022.09.17"]
[EventType "swiss"]
[EventRounds "9"]
[EventCountry "AUT"]
[SourceTitle "CBM 210 Extra"]
[Source "ChessBase"]
[SourceDate "2022.11.30"]
[SourceVersion "1"]
[SourceVersionDate "2022.11.30"]
[SourceQuality "1"]

1. e4 e6 2. d4 d5 3. Nd2 c5 4. exd5 exd5 5. Ngf3 Nf6 6. Bb5+ Bd7 7. Qe2+ Be7 8. dxc5 0-0 9. Bxd7 Nbxd7 10. Nb3 Re8 11. 0-0 Bxc5 12. Qd3 Bb6 13. Bg5 h6 14. Bh4 Qc7 15. Rfe1 Qc4 16. Qxc4 dxc4 17. Nbd4 g5 18. Nxg5 hxg5 19. Bxg5 Bxd4 20. c3 Bc5 21. h3 Rxe1+ 22. Rxe1 Re8 0-1

[Event "Vienna State-ch B"]
[Site "Vienna"]
[Date "2015.09.13"]
[Round "2"]
[White "Hirsch, Adolf Jr"]
[Black "Steiner, Magdalena"]
[Result "0-1"]
[WhiteElo "2036"]
[BlackElo "1750"]
[PlyCount "86"]
[EventDate "2015.09.12"]
[EventType "swiss"]
[EventRounds "9"]
[EventCountry "AUT"]
[SourceTitle "EXT 2024"]
[Source "ChessBase"]
[SourceDate "2023.10.10"]
[SourceVersion "1"]
[SourceVersionDate "2023.10.10"]
[SourceQuality "1"]

1. Nf3 c5 2. g3 Nf6 3. Bg2 g6 4. c4 Bg7 5. Nc3 0-0 6. 0-0 Nc6 7. d4 cxd4 8. Nxd4 Nxd4 9. Qxd4 d6 10. Qd2 Rb8 11. b3 Bf5 12. Bb2 a6 13. Rfd1 b5 14. cxb5 axb5 15. e4 b4 16. exf5 bxc3 17. Bxc3 gxf5 18. Rac1 Rc8 19. Bb7 Rb8 20. Ba5 Bh6 21. f4 Qd7 22. Bc6 Qa7+ 23. Kg2 Ne4 24. Bxe4 fxe4 25. Rc7 Rb7 26. Rdc1 e3 27. Qd5 Rxc7 28. Rxc7 Qa8 29. Qxa8 Rxa8 30. b4 e5 31. Rd7 exf4 32. Rd8+ Rxd8 33. Bxd8 e2 34. Kf2 f3 35. Ke1 Bg7 36. Bg5 Bc3+ 37. Bd2 f2+ 38. Kxe2 Bxd2 39. b5 Be3 40. a4 Bb6 41. a5 Bxa5 42. Kxf2 d5 43. Ke3 Bb6+ 0-1

[Event "EU-chT Seniors"]
[Site "Vienna"]
[Date "2015.07.20"]
[Round "9.11"]
[White "Palmo, Pentti Olavi"]
[Black "Hirsch, Adolf Jr"]
[Result "1-0"]
[WhiteElo "2027"]
[BlackElo "2069"]
[PlyCount "69"]
[EventDate "2015.07.12"]
[EventType "team-swiss"]
[EventRounds "9"]
[EventCountry "AUT"]
[SourceTitle "EXT 2018"]
[Source "ChessBase"]
[SourceDate "2017.10.13"]
[SourceVersion "1"]
[SourceVersionDate "2017.10.13"]
[SourceQuality "1"]
[WhiteTeam "Finland"]
[BlackTeam "Wien"]
[WhiteTeamCountry "FIN"]
[BlackTeamCountry "AUT"]

1. e4 e6 2. d4 d5 3. Nd2 c5 4. Ngf3 Nf6 5. Bb5+ Bd7 6. Bxd7+ Nfxd7 7. exd5 exd5 8. dxc5 Bxc5 9. 0-0 0-0 10. Nb3 Nc6 11. c3 Ne7 12. Qd3 Bd6 13. Bg5 f6 14. Be3 Qc7 15. Nbd4 Nc5 16. Qc2 Qd7 17. Rad1 Rac8 18. Ne2 Qc7 19. Bxc5 Qxc5 20. Ned4 Bb8 21. Ne6 Qd6 22. Nxf8 Kxf8 23. Qxh7 Kf7 24. Qh5+ Kf8 25. Rfe1 Qb6 26. Re2 Qa6 27. Rde1 Re8 28. Nd4 Be5 29. Nf3 Nc6 30. Nh4 Qd3 31. f4 g5 32. Ng6+ Kg7 33. Nxe5 Rxe5 34. fxe5 Nxe5 35. Rxe5 1-0

[Event "EU-chT Seniors"]
[Site "Vienna"]
[Date "2015.07.16"]
[Round "5.12"]
[White "Beltz, Martina"]
[Black "Hirsch, Adolf Jr"]
[Result "1-0"]
[WhiteElo "2019"]
[BlackElo "2069"]
[PlyCount "63"]
[EventDate "2015.07.12"]
[EventType "team-swiss"]
[EventRounds "9"]
[EventCountry "AUT"]
[SourceTitle "EXT 2018"]
[Source "ChessBase"]
[SourceDate "2017.10.13"]
[SourceVersion "1"]
[SourceVersionDate "2017.10.13"]
[SourceQuality "1"]
[WhiteTeam "Germany (W)"]
[BlackTeam "Wien"]
[WhiteTeamCountry "GER"]
[BlackTeamCountry "AUT"]

1. d4 Nf6 2. c4 g6 3. Nc3 d5 4. cxd5 Nxd5 5. e4 Nxc3 6. bxc3 Bg7 7. Bc4 c5 8. Ne2 0-0 9. 0-0 cxd4 10. cxd4 Nc6 11. Be3 Na5 12. Bd3 b6 13. Qd2 Bb7 14. Rac1 Qd7 15. Bh6 Rfc8 16. Bxg7 Kxg7 17. Qg5 f6 18. Qg3 Rxc1 19. Rxc1 Rc8 20. Rxc8 Qxc8 21. h4 Qe6 22. d5 Qe5 23. f4 Qd6 24. h5 Bc8 25. Kh2 Bd7 26. hxg6 hxg6 27. e5 fxe5 28. fxe5 Qxd5 29. Qxg6+ Kf8 30. Qh6+ Ke8 31. Qh8+ Kf7 32. Bg6+ 1-0

[Event "EU-chT Seniors"]
[Site "Vienna"]
[Date "2015.07.15"]
[Round "4.13"]
[White "Davison, Colin FS"]
[Black "Hirsch, Adolf Jr"]
[Result "1/2-1/2"]
[WhiteElo "1998"]
[BlackElo "2069"]
[PlyCount "37"]
[EventDate "2015.07.12"]
[EventType "team-swiss"]
[EventRounds "9"]
[EventCountry "AUT"]
[SourceTitle "EXT 2018"]
[Source "ChessBase"]
[SourceDate "2017.10.13"]
[SourceVersion "1"]
[SourceVersionDate "2017.10.13"]
[SourceQuality "1"]
[WhiteTeam "England II"]
[BlackTeam "Wien"]
[WhiteTeamCountry "ENG"]
[BlackTeamCountry "AUT"]

1. c4 Nf6 2. g3 c6 3. Bg2 d5 4. Nf3 g6 5. d4 Bg7 6. 0-0 0-0 7. Nbd2 Ne4 8. b3 Nc3 9. Qe1 dxc4 10. Nxc4 Nb5 11. Bb2 Nc7 12. Rd1 Be6 13. Qd2 Qc8 14. Rfe1 Nd7 15. e4 Rd8 16. Qc1 Bxc4 17. bxc4 Nb6 18. e5 Qe6 19. Bf1 1/2-1/2

[Event "EU-chT Seniors"]
[Site "Vienna"]
[Date "2015.07.14"]
[Round "3.13"]
[White "Hirsch, Adolf Jr"]
[Black "Muratoglu, Salih"]
[Result "0-1"]
[WhiteElo "2069"]
[BlackElo "2024"]
[PlyCount "126"]
[EventDate "2015.07.12"]
[EventType "team-swiss"]
[EventRounds "9"]
[EventCountry "AUT"]
[SourceTitle "EXT 2018"]
[Source "ChessBase"]
[SourceDate "2017.10.13"]
[SourceVersion "1"]
[SourceVersionDate "2017.10.13"]
[SourceQuality "1"]
[WhiteTeam "Wien"]
[BlackTeam "Turkey"]
[WhiteTeamCountry "AUT"]
[BlackTeamCountry "TUR"]

1. Nf3 g6 2. g3 Bg7 3. d4 Nf6 4. Bg2 d5 5. c4 c6 6. cxd5 Nxd5 7. 0-0 0-0 8. Nc3 Bg4 9. Qb3 Nb6 10. Rd1 Na6 11. e4 Bxf3 12. Bxf3 Bxd4 13. Be3 e5 14. Ne2 c5 15. Bh6 Re8 16. a4 Qf6 17. Nxd4 cxd4 18. h4 Nc5 19. Qa3 Ncxa4 20. Bg5 Qe6 21. Be2 a6 22. Qb4 Qc6 23. Bd3 Nc5 24. Rac1 Nxd3 25. Rxc6 Nxb4 26. Rxb6 Nc6 27. Rxb7 Na5 28. Rd7 Rac8 29. Ra1 Nb3 30. Ra3 Nc5 31. Ra7 Nxe4 32. Bh6 Nc5 33. b4 Ne4 34. R7xa6 Rb8 35. f3 Nxg3 36. Rb3 Nf5 37. Bd2 Rb5 38. h5 Kg7 39. Kf2 gxh5 40. Rb1 Re6 41. Rxe6 fxe6 42. Rg1+ Kf7 43. Rg5 h4 44. Rg1 Ke7 45. Ra1 Kd6 46. Ra7 h6 47. Rh7 Kd5 48. Rc7 e4 49. fxe4+ Kxe4 50. Rc5 Rxc5 51. bxc5 Kd5 52. Bb4 e5 53. Kf3 h5 54. c6 Nd6 55. c7 Nc8 56. Be1 h3 57. Bg3 e4+ 58. Ke2 h4 59. Bh2 Nb6 60. Bf4 Kc6 61. Kf1 Kd7 62. Be5 d3 63. Bf4 Nd5 0-1

[Event "Vienna Kavalier op 6th"]
[Site "Vienna"]
[Date "2011.10.27"]
[Round "4"]
[White "Hirsch, Adolf Jr"]
[Black "Stichlberger, Martin"]
[Result "0-1"]
[WhiteElo "2065"]
[BlackElo "2170"]
[PlyCount "76"]
[EventDate "2011.10.24"]
[EventType "swiss"]
[EventRounds "7"]
[EventCountry "AUT"]
[SourceTitle "EXT 2012"]
[Source "ChessBase"]
[SourceDate "2011.11.24"]
[SourceVersion "1"]
[SourceVersionDate "2011.11.24"]
[SourceQuality "1"]

1. Nf3 h6 2. e4 g5 3. Bc4 Bg7 4. d4 d6 5. Be3 e6 6. Nc3 Ne7 7. Qe2 c6 8. a4 Ng6 9. g3 Qe7 10. h4 g4 11. Nh2 h5 12. 0-0-0 Nd7 13. f3 gxf3 14. Nxf3 f6 15. Rdg1 e5 16. d5 Nb6 17. Bb3 Bg4 18. a5 Nxd5 19. Bxd5 cxd5 20. Nxd5 Qd7 21. Qf2 Ne7 22. Nh2 Nxd5 23. exd5 Bf5 24. Rd1 Rc8 25. Rd2 Ke7 26. Rf1 Qa4 27. Kd1 Bg6 28. b3 Qxa5 29. Nf3 Rc3 30. Ne1 Qa1+ 31. Ke2 Qa6+ 32. Kd1 Rxe3 33. Qxe3 Qxf1 34. Qxa7 Qb5 35. Nd3 Rc8 36. c4 Qxb3+ 37. Ke2 Bh6 38. Rd1 Rxc4 0-1

[Event "Vienna Kavalier op 6th"]
[Site "Vienna"]
[Date "2011.10.25"]
[Round "2"]
[White "Hirsch, Adolf Jr"]
[Black "Peichel, Roland"]
[Result "1-0"]
[WhiteElo "2065"]
[BlackElo "1908"]
[PlyCount "117"]
[EventDate "2011.10.24"]
[EventType "swiss"]
[EventRounds "7"]
[EventCountry "AUT"]
[SourceTitle "EXT 2012"]
[Source "ChessBase"]
[SourceDate "2011.11.24"]
[SourceVersion "1"]
[SourceVersionDate "2011.11.24"]
[SourceQuality "1"]

1. Nf3 d5 2. g3 c5 3. Bg2 Nc6 4. d4 cxd4 5. Nxd4 e5 6. Nxc6 bxc6 7. 0-0 Nf6 8. c4 Bb7 9. Qa4 Qd7 10. cxd5 cxd5 11. Qxd7+ Nxd7 12. Nc3 Nb6 13. Be3 Bb4 14. Nb5 0-0 15. a3 Be7 16. Rac1 Nc4 17. Rxc4 dxc4 18. Bxb7 Rab8 19. Ba6 Rfd8 20. Bxa7 Ra8 21. Bb7 Rxa7 22. Nxa7 Rd7 23. Nc6 Rxb7 24. Nxe7+ Rxe7 25. Rc1 Rc7 26. Rc3 f6 27. b3 Ra7 28. bxc4 Kf7 29. Kg2 Ke6 30. c5 Kd7 31. c6+ Kc7 32. Kf3 Ra4 33. h4 h5 34. Ke3 Rg4 35. Kd3 Ra4 36. e3 e4+ 37. Kc2 g5 38. Kb3 Ra8 39. Rc5 Rb8+ 40. Kc3 gxh4 41. gxh4 Rb1 42. Kd4 Ra1 43. Kxe4 Rxa3 44. Kf5 Ra4 45. f4 Ra3 46. Kxf6 Rxe3 47. Kg5 Rf3 48. f5 Rf1 49. Kxh5 Rg1 50. f6 Rg8 51. f7 Rf8 52. Kg6 Kd6 53. Kg7 Kxc5 54. Kxf8 Kxc6 55. Ke7 Kc7 56. f8Q Kb7 57. Kd6 Kb6 58. Qb8+ Ka5 59. Kc5 1-0

[Event "AUT-ch Seniors"]
[Site "Spitz am Donau"]
[Date "2011.10.11"]
[Round "8"]
[White "Hirsch, Adolf Jr"]
[Black "Sepetavc, Walter"]
[Result "1-0"]
[WhiteElo "2065"]
[BlackElo "2001"]
[PlyCount "91"]
[EventDate "2011.10.04"]
[EventType "swiss"]
[EventRounds "9"]
[EventCountry "AUT"]
[SourceTitle "CBM 144 Extra"]
[Source "ChessBase"]
[SourceDate "2011.10.28"]
[SourceVersion "1"]
[SourceVersionDate "2011.10.28"]
[SourceQuality "1"]

1. Nf3 c5 2. g3 g6 3. Bg2 Bg7 4. c3 Nf6 5. d4 cxd4 6. cxd4 d5 7. Nc3 0-0 8. Ne5 e6 9. 0-0 Nfd7 10. f4 f6 11. Nd3 Nc6 12. Be3 Nb6 13. Kh1 Ne7 14. Bg1 Nf5 15. Nc5 Qe8 16. e4 dxe4 17. N3xe4 Nd5 18. Re1 b6 19. Nd6 Nxd6 20. Bxd5 exd5 21. Rxe8 Rxe8 22. Nb3 Bf5 23. Kg2 Rac8 24. Rc1 Nc4 25. Nd2 Bd3 26. b3 Nb2 27. Rxc8 Rxc8 28. Qf3 h5 29. Qxd5+ Kh7 30. Be3 Nd1 31. Qf3 Nb2 32. g4 hxg4 33. Qxg4 Bf5 34. Qf3 Nd3 35. Qb7 Rc2 36. Kg3 Rxa2 37. d5 Nc5 38. Bxc5 bxc5 39. Nc4 g5 40. fxg5 fxg5 41. d6 Rc2 42. Qd5 Rc3+ 43. Kg2 Bh3+ 44. Kf2 Bd4+ 45. Ke1 Rd3 46. Qe4+ 1-0

[Event "AUT-ch Seniors"]
[Site "Spitz am Donau"]
[Date "2011.10.09"]
[Round "6"]
[White "Hirsch, Adolf Jr"]
[Black "Fasser, Walter"]
[Result "0-1"]
[WhiteElo "2065"]
[BlackElo "1936"]
[PlyCount "75"]
[EventDate "2011.10.04"]
[EventType "swiss"]
[EventRounds "9"]
[EventCountry "AUT"]
[SourceTitle "CBM 144 Extra"]
[Source "ChessBase"]
[SourceDate "2011.10.28"]
[SourceVersion "1"]
[SourceVersionDate "2011.10.28"]
[SourceQuality "1"]

1. Nf3 f5 2. d4 Nf6 3. g3 g6 4. Bg2 Bg7 5. 0-0 0-0 6. b4 d5 7. Bb2 Nc6 8. b5 Na5 9. Nbd2 a6 10. bxa6 b5 11. Bc3 Nc4 12. Nxc4 bxc4 13. Ne5 Rxa6 14. a4 Be6 15. a5 Nd7 16. f4 Bxe5 17. fxe5 Nb8 18. Qd2 Nc6 19. Rab1 Qd7 20. Rb2 Kg7 21. Rfb1 h6 22. Rb5 Rfa8 23. h4 Bf7 24. Qf4 e6 25. g4 Qe7 26. gxf5 gxf5 27. Bd2 Rh8 28. Bf3 Qe8 29. Kf2 Kf8 30. Rc5 Ke7 31. Rb7 Qc8 32. Rbb5 Kd7 33. Bc1 Qg8 34. Bxd5 exd5 35. Qxf5+ Be6 36. Qf6 Nxd4 37. Rxc7+ Kxc7 38. Qe7+ 0-1

[Event "AUT-ch Seniors"]
[Site "Spitz am Donau"]
[Date "2011.10.07"]
[Round "4"]
[White "Hirsch, Adolf Jr"]
[Black "Waller, Helmut"]
[Result "0-1"]
[WhiteElo "2065"]
[BlackElo "2009"]
[PlyCount "93"]
[EventDate "2011.10.04"]
[EventType "swiss"]
[EventRounds "9"]
[EventCountry "AUT"]
[SourceTitle "CBM 144 Extra"]
[Source "ChessBase"]
[SourceDate "2011.10.28"]
[SourceVersion "1"]
[SourceVersionDate "2011.10.28"]
[SourceQuality "1"]

1. Nf3 d5 2. g3 c6 3. Bg2 g6 4. d4 Bg7 5. c4 Nf6 6. cxd5 cxd5 7. Nc3 Nc6 8. Ne5 0-0 9. Nxc6 bxc6 10. 0-0 Bf5 11. Na4 Qc8 12. Bf4 Bh3 13. Rc1 Bxg2 14. Kxg2 Nh5 15. Be3 f5 16. f3 f4 17. Bf2 fxg3 18. hxg3 Rb8 19. b3 e5 20. Qc2 exd4 21. Qxc6 Qxc6 22. Rxc6 Rfe8 23. Re1 Rbc8 24. Rec1 Rxc6 25. Rxc6 Rxe2 26. Rd6 Nf6 27. Kf1 d3 28. Nc5 Rxa2 29. Nxd3 Kf7 30. Bc5 Ke8 31. Ne5 Nh5 32. Re6+ Kd8 33. Nf7+ Kd7 34. Re7+ Kc6 35. Bf2 Bf6 36. Re8 a5 37. g4 Nf4 38. g5 Kd7 39. Re1 Bc3 40. Rd1 Rd2 41. Rxd2 Bxd2 42. Ne5+ Ke6 43. Nc6 Nh3 44. Bb6 Nxg5 45. Ke2 Kd6 46. Nxa5 Bxa5 47. Bxa5 0-1

[Event "AUT-ch Seniors"]
[Site "Spitz am Donau"]
[Date "2011.10.04"]
[Round "1"]
[White "Singer, Hans"]
[Black "Hirsch, Adolf Jr"]
[Result "1-0"]
[WhiteElo "2260"]
[BlackElo "2065"]
[PlyCount "49"]
[EventDate "2011.10.04"]
[EventType "swiss"]
[EventRounds "9"]
[EventCountry "AUT"]
[SourceTitle "CBM 144 Extra"]
[Source "ChessBase"]
[SourceDate "2011.10.28"]
[SourceVersion "1"]
[SourceVersionDate "2011.10.28"]
[SourceQuality "1"]

1. Nf3 Nf6 2. c4 g6 3. Nc3 Bg7 4. e4 c5 5. d4 cxd4 6. Nxd4 d6 7. Be2 Nc6 8. Be3 0-0 9. 0-0 Ng4 10. Bxg4 Bxg4 11. Nxc6 Bxd1 12. Nxd8 Bg4 13. Nxb7 Rfb8 14. Na5 Rxb2 15. Rac1 Bxc3 16. Rxc3 Rxa2 17. Nc6 Kf8 18. c5 a5 19. cxd6 exd6 20. Bf4 a4 21. Bxd6+ Ke8 22. Nb4 Rd2 23. Nd5 Kd8 24. Bf4 Rb2 25. Bg5+ 1-0

[Event "Vienna State-chB"]
[Site "Vienna"]
[Date "2011.09.17"]
[Round "8"]
[White "Wallner, Christian"]
[Black "Hirsch, Adolf Jr"]
[Result "1-0"]
[WhiteElo "1937"]
[BlackElo "2065"]
[PlyCount "109"]
[EventDate "2011.09.10"]
[EventType "swiss"]
[EventRounds "9"]
[EventCountry "AUT"]
[SourceTitle "EXT 2013"]
[Source "ChessBase"]
[SourceDate "2012.11.22"]
[SourceVersion "1"]
[SourceVersionDate "2012.11.22"]
[SourceQuality "1"]

1. e4 g6 2. Bc4 d6 3. Ne2 Bg7 4. d3 c6 5. 0-0 Nd7 6. a4 Ngf6 7. Nbc3 0-0 8. f4 a5 9. Qe1 Qb6+ 10. Kh1 Ng4 11. Qh4 Ndf6 12. Rf3 Nh5 13. h3 Bf6 14. Qe1 Nh6 15. f5 g5 16. g4 Ng7 17. h4 Nxg4 18. hxg5 Bxc3 19. bxc3 d5 20. Bb3 Ne5 21. Rh3 Nxf5 22. exf5 Bxf5 23. Be3 c5 24. Rh6 e6 25. Bxd5 Ng4 26. Be4 Nxh6 27. gxh6 Bg6 28. Rb1 Qc7 29. Rxb7 Qe5 30. Qh4 Rab8 31. Rb5 Rxb5 32. axb5 f5 33. Bf4 Qf6 34. Qxf6 Rxf6 35. Bf3 e5 36. Bxe5 Rb6 37. Bc6 a4 38. Bc7 Rxc6 39. bxc6 Be8 40. Bf4 Bxc6+ 41. Kg1 a3 42. Nc1 Ba4 43. Bd6 Bxc2 44. Bxc5 Bxd3 45. Bxa3 Bc4 46. Kf2 Kf7 47. Ne2 Ke6 48. Ke3 Ke5 49. Be7 Bd5 50. Nf4 Bf7 51. Nd3+ Ke6 52. Bg5 Be8 53. Kd4 Bc6 54. Nf4+ Kd6 55. Nh5 1-0

[Event "Vienna State-chB"]
[Site "Vienna"]
[Date "2011.09.14"]
[Round "5"]
[White "Hirsch, Adolf Jr"]
[Black "Kersten, Julian"]
[Result "1-0"]
[WhiteElo "2065"]
[BlackElo "1920"]
[PlyCount "39"]
[EventDate "2011.09.10"]
[EventType "swiss"]
[EventRounds "9"]
[EventCountry "AUT"]
[SourceTitle "EXT 2013"]
[Source "ChessBase"]
[SourceDate "2012.11.22"]
[SourceVersion "1"]
[SourceVersionDate "2012.11.22"]
[SourceQuality "1"]

1. Nf3 c5 2. g3 b6 3. Bg2 Bb7 4. 0-0 Nf6 5. c4 e6 6. Nc3 Be7 7. d4 cxd4 8. Nxd4 Bxg2 9. Kxg2 a6 10. e4 Qc7 11. Qe2 d6 12. Be3 Nbd7 13. Rac1 0-0 14. Rfd1 Rfc8 15. b3 Nc5 16. f3 h6 17. b4 Ncd7 18. b5 Ne5 19. Na4 axb5 20. Nxb5 1-0

[Event "Vienna State-chB"]
[Site "Vienna"]
[Date "2011.09.12"]
[Round "3"]
[White "Hirsch, Adolf Jr"]
[Black "Paseka, Christian"]
[Result "1-0"]
[WhiteElo "2065"]
[BlackElo "1752"]
[PlyCount "73"]
[EventDate "2011.09.10"]
[EventType "swiss"]
[EventRounds "9"]
[EventCountry "AUT"]
[SourceTitle "EXT 2013"]
[Source "ChessBase"]
[SourceDate "2012.11.22"]
[SourceVersion "1"]
[SourceVersionDate "2012.11.22"]
[SourceQuality "1"]

1. Nf3 d5 2. g3 Nf6 3. Bg2 c6 4. c4 Bf5 5. cxd5 cxd5 6. Qb3 Qc7 7. Nc3 e6 8. d3 a6 9. 0-0 Nc6 10. Bf4 e5 11. Nxe5 Nxe5 12. d4 Bd6 13. dxe5 Bxe5 14. Bxe5 Qxe5 15. Nxd5 Nxd5 16. Qxd5 Qxd5 17. Bxd5 Rb8 18. Rac1 0-0 19. Rc7 Be6 20. Bxe6 fxe6 21. Rd1 Rfc8 22. Rdd7 Rxc7 23. Rxc7 Kf8 24. Kg2 b6 25. h4 a5 26. Kf3 b5 27. Ke4 a4 28. b4 axb3 29. axb3 b4 30. e3 h6 31. Ke5 Rb6 32. f4 h5 33. e4 Rb8 34. Kxe6 Re8+ 35. Kf5 g6+ 36. Kf6 Rd8 37. e5 1-0

[Event "Vienna State-chB"]
[Site "Vienna"]
[Date "2011.09.11"]
[Round "2"]
[White "Schmidlechner, Alexander"]
[Black "Hirsch, Adolf Jr"]
[Result "1-0"]
[WhiteElo "2243"]
[BlackElo "2065"]
[PlyCount "77"]
[EventDate "2011.09.10"]
[EventType "swiss"]
[EventRounds "9"]
[EventCountry "AUT"]
[SourceTitle "EXT 2013"]
[Source "ChessBase"]
[SourceDate "2012.11.22"]
[SourceVersion "1"]
[SourceVersionDate "2012.11.22"]
[SourceQuality "1"]

1. d4 g6 2. c4 Nf6 3. Nc3 d5 4. Bg5 Ne4 5. Bh4 Nxc3 6. bxc3 Bg7 7. e3 c5 8. cxd5 cxd4 9. exd4 Qxd5 10. Nf3 Nc6 11. Be2 0-0 12. 0-0 Re8 13. Nd2 Bd7 14. Bc4 Qf5 15. Re1 e5 16. d5 Na5 17. Bf1 e4 18. c4 Bxa1 19. Qxa1 Qe5 20. Qc1 f5 21. Bg3 Qf6 22. Bc7 b6 23. c5 Rac8 24. d6 Nc6 25. Bc4+ Kg7 26. Ba6 Rxc7 27. dxc7 Nb4 28. cxb6 axb6 29. Bb5 Bxb5 30. c8Q Rxc8 31. Qxc8 Nd3 32. Qc7+ Kh6 33. Rf1 Qd4 34. Nb3 Qf6 35. Rb1 f4 36. Nc1 Nxf2 37. Rxb5 Qd4 38. Qxf4+ Kg7 39. Qxf2 1-0

[Event "Vienna Tschaturanga op"]
[Site "Vienna"]
[Date "2011.05.22"]
[Round "9"]
[White "Hirsch, Adolf Jr"]
[Black "Birg, Jovan"]
[Result "1/2-1/2"]
[WhiteElo "2086"]
[BlackElo "1987"]
[PlyCount "38"]
[EventDate "2011.05.14"]
[EventType "swiss"]
[EventRounds "9"]
[EventCountry "AUT"]
[SourceTitle "CBM 142 Extra"]
[Source "ChessBase"]
[SourceDate "2011.06.27"]
[SourceVersion "1"]
[SourceVersionDate "2011.06.27"]
[SourceQuality "1"]

1. Nf3 Nf6 2. g3 d5 3. Bg2 Bf5 4. c4 c6 5. cxd5 cxd5 6. Qb3 Qc8 7. Nc3 e6 8. d3 Be7 9. 0-0 0-0 10. Bf4 Nc6 11. Rac1 Nd7 12. Nb5 Nc5 13. Qd1 Qd7 14. Nbd4 Nxd4 15. Nxd4 Bg6 16. b4 Na6 17. a3 Rae8 18. Qb3 Bf6 19. Nf3 Rc8 1/2-1/2